000 00780nam a2200253Ia 4500
003 GCL
008 140319s9999 xx 000 0 ara d
040 _aGCL /
_cGCL
082 0 4 _a070.435
_bس م
100 1 _aهاسكوفيتس , سلافوى
245 1 0 _aمدخل الى الصحافة صحافة وكالة الانباء /
_cهاسكوفيتس , سلافوى
700 1 _aفرست، باروسلاف
700 1 _aجيان (تعريب)
260 _a[S.N] :
_bدار الفارابى ،
_c1985
300 _a232 ص
490 _a
650 0 4 _aالصحافة
650 0 4 _aوسائل الاعلام
650 0 4 _aالانباء
650 0 4 _aوكالات الانباء
650 0 4 _aالصحف
650 0 4 _aكتابة التقارير
942 _2ddc
_cBK
999 _c58561
_d58561